[Event "Olympiad-34"]
[Site "Istanbul"]
[Date "2000.11.10"]
[Round "13.2"]
[White "Martin, Benjamin"]
[Black "Dutreeuw, Marc"]
[Result "0-1"]
[WhiteElo "2377"]
[BlackElo "2402"]
[PlyCount "138"]
[EventDate "2000.10.28"]
[EventType "team-swiss"]
[EventRounds "14"]
[EventCountry "TUR"]
[SourceTitle "EXT 2001"]
[Source "ChessBase"]
[SourceDate "2000.11.22"]
[SourceVersion "1"]
[SourceVersionDate "2000.11.22"]
[SourceQuality "1"]
[WhiteTeam "New Zealand"]
[BlackTeam "Belgium"]
[WhiteTeamCountry "NZL"]
[BlackTeamCountry "BEL"]

1. e4 e5 2. Nf3 Nf6 3. Nxe5 d6 4. Nf3 Nxe4 5. d4 d5 6. Bd3 Bd6 7. 0-0 0-0 8. c4 c6 9. cxd5 cxd5 10. Nc3 Nxc3 11. bxc3 Bg4 12. Rb1 Nd7 13. Rb5 Nb6 14. h3 Bh5 15. c4 Bxf3 16. Qxf3 dxc4 17. Bc2 Qd7 18. a4 g6 19. Be3 Rac8 20. Rfb1 c3 21. d5 Rfe8 22. Bd4 Qe7 23. Bxc3 Qc7 24. R5b3 Nxa4 25. Rxb7 Nxc3 26. Rxc7 Rxc7 27. Qf6 Be5 28. Qg5 Ne2+ 29. Kf1 Rxc2 30. Rd1 Nf4 31. Qg3 Bd6 32. Qf3 Ree2 33. Rb1 Rxf2+ 34. Qxf2 Rxf2+ 35. Kxf2 Nxd5 36. Kf3 Ne7 37. Rb7 a5 38. Ra7 Bb4 39. g4 f6 40. Ke4 Kf7 41. Ra6 h5 42. gxh5 gxh5 43. Kf4 Kg6 44. Ke4 Nf5 45. Kf4 Nd6 46. Rb6 f5 47. Ra6 Kf6 48. Rb6 Bd2+ 49. Kg3 Be1+ 50. Kf4 Bb4 51. Ra6 h4 52. Ke3 Ke5 53. Ra8 Nc4+ 54. Kd3 Nb6 55. Rh8 Be7 56. Rb8 Bc5 57. Rh8 Bf2 58. Ke2 Bg3 59. Rb8 Nd5 60. Rb5 Ke4 61. Rxa5 Nf4+ 62. Kf1 Nxh3 63. Ra4+ Ke3 64. Ra3+ Kf4 65. Ra4+ Kg5 66. Kg2 Nf4+ 67. Kf3 Nd3 68. Kg2 f4 69. Ra8 Nf2 0-1

[Event "Olympiad-34"]
[Site "Istanbul"]
[Date "2000.11.06"]
[Round "9.2"]
[White "Martin, Benjamin"]
[Black "Silva Sanchez, Carlos"]
[Result "1-0"]
[WhiteElo "2377"]
[BlackElo "2407"]
[PlyCount "77"]
[EventDate "2000.10.28"]
[EventType "team-swiss"]
[EventRounds "14"]
[EventCountry "TUR"]
[SourceTitle "EXT 2001"]
[Source "ChessBase"]
[SourceDate "2000.11.22"]
[SourceVersion "1"]
[SourceVersionDate "2000.11.22"]
[SourceQuality "1"]
[WhiteTeam "New Zealand"]
[BlackTeam "Chile"]
[WhiteTeamCountry "NZL"]
[BlackTeamCountry "CHI"]

1. e4 c5 2. Nf3 d6 3. d4 cxd4 4. Nxd4 Nf6 5. Nc3 a6 6. f4 Nc6 7. Nf3 Nd7 8. Bc4 e6 9. 0-0 Be7 10. Be3 b5 11. Bd3 Nc5 12. Bxc5 dxc5 13. a4 c4 14. axb5 cxd3 15. bxc6 Qb6+ 16. Kh1 dxc2 17. Qxc2 Qxc6 18. Ne5 Qb7 19. Qa4+ Kf8 20. f5 Qc7 21. Nxf7 Kxf7 22. fxe6+ Kg6 23. Nd5 Qd6 24. Ra3 Bg5 25. e5 Qxe6 26. Qe4+ Kh6 27. Rh3+ Qxh3 28. gxh3 Bb7 29. h4 Bd2 30. Rd1 Bxd5 31. Qxd5 Rad8 32. Qe4 g5 33. Ra1 a5 34. Qc6+ Kh5 35. hxg5 Bxg5 36. Qf3+ Kh6 37. Rg1 Rhf8 38. Qh3+ Kg6 39. Qe6+ 1-0

[Event "Olympiad-34"]
[Site "Istanbul"]
[Date "2000.10.31"]
[Round "4.2"]
[White "Martin, Benjamin"]
[Black "Saavedra, Carlos"]
[Result "0-1"]
[WhiteElo "2377"]
[BlackElo "2206"]
[PlyCount "84"]
[EventDate "2000.10.28"]
[EventType "team-swiss"]
[EventRounds "14"]
[EventCountry "TUR"]
[SourceTitle "EXT 2001"]
[Source "ChessBase"]
[SourceDate "2000.11.22"]
[SourceVersion "1"]
[SourceVersionDate "2000.11.22"]
[SourceQuality "1"]
[WhiteTeam "New Zealand"]
[BlackTeam "Bolivia"]
[WhiteTeamCountry "NZL"]
[BlackTeamCountry "BOL"]

1. e4 c5 2. Nf3 d6 3. d4 cxd4 4. Nxd4 Nf6 5. Nc3 a6 6. a4 e6 7. Be2 Qc7 8. 0-0 Nc6 9. Be3 Be7 10. f4 0-0 11. Qe1 Re8 12. Qg3 Nd7 13. Rad1 Bf6 14. Nf3 b6 15. f5 Bxc3 16. fxe6 Rxe6 17. bxc3 Nde5 18. Nd4 Rg6 19. Qh4 Bg4 20. Qf2 Bh3 21. g3 Bxf1 22. Rxf1 Nxd4 23. Bxd4 Rf6 24. Qe3 Rxf1+ 25. Kxf1 Qc6 26. Bxb6 Qxa4 27. Qd4 Qc6 28. Ba5 f5 29. Qd5+ Qxd5 30. exd5 Kf7 31. h3 Ke7 32. Kf2 Rc8 33. Bb4 Nc4 34. Bd3 g6 35. Kf3 a5 36. Bxc4 axb4 37. Bd3 Rxc3 38. Ke3 b3 39. cxb3 Rxb3 40. Kd4 Kf6 41. h4 Rxd3+ 42. Kxd3 Ke5 0-1

[Event "Olympiad-34"]
[Site "Istanbul"]
[Date "2000.10.28"]
[Round "1.2"]
[White "Peng, Xiaomin"]
[Black "Martin, Benjamin"]
[Result "1-0"]
[WhiteElo "2657"]
[BlackElo "2377"]
[PlyCount "75"]
[EventDate "2000.10.28"]
[EventType "team-swiss"]
[EventRounds "14"]
[EventCountry "TUR"]
[SourceTitle "EXT 2001"]
[Source "ChessBase"]
[SourceDate "2000.11.22"]
[SourceVersion "1"]
[SourceVersionDate "2000.11.22"]
[SourceQuality "1"]
[WhiteTeam "China"]
[BlackTeam "New Zealand"]
[WhiteTeamCountry "CHN"]
[BlackTeamCountry "NZL"]

1. e4 e6 2. d4 d5 3. e5 c5 4. c3 Nc6 5. Nf3 Bd7 6. Be2 f6 7. 0-0 fxe5 8. Nxe5 Nxe5 9. dxe5 Bc6 10. c4 d4 11. Bd3 Qh4 12. Nd2 Nh6 13. h3 Be7 14. Qe2 0-0 15. Ne4 Rf7 16. Kh2 Bxe4 17. Bxe4 Bd8 18. g3 Qe7 19. Bxh6 gxh6 20. f4 Ba5 21. f5 Qg5 22. fxe6 Rg7 23. Rf3 Bd8 24. h4 Qg4 25. Bf5 d3 26. Qxd3 Qd4 27. Qxd4 cxd4 28. Rd1 Bc7 29. Rxd4 Bxe5 30. Rd7 Re8 31. b4 Rge7 32. c5 Kg7 33. b5 Bc7 34. c6 bxc6 35. bxc6 Be5 36. Bg4 Bf6 37. c7 Be5 38. Rxe7+ 1-0

[Event "Australian Masters"]
[Site "Melbourne"]
[Date "2000.07.30"]
[Round "1"]
[White "Rujevic, Mirko"]
[Black "Martin, Benjamin"]
[Result "0-1"]
[WhiteElo "2350"]
[BlackElo "2377"]
[PlyCount "64"]
[EventDate "2000.07.24"]
[EventType "tourn"]
[EventRounds "11"]
[EventCountry "AUS"]
[EventCategory "3"]
[SourceTitle "CBM 077 Extra"]
[Source "ChessBase"]
[SourceDate "2000.09.14"]
[SourceVersion "1"]
[SourceVersionDate "2000.09.14"]
[SourceQuality "1"]

1. e4 e6 2. d4 d5 3. Nc3 Bb4 4. e5 c5 5. a3 Bxc3+ 6. bxc3 Ne7 7. Qg4 Qc7 8. Qxg7 Rg8 9. Qxh7 cxd4 10. Ne2 Nbc6 11. f4 Bd7 12. Qd3 dxc3 13. Qxc3 0-0-0 14. Rb1 Kb8 15. Be3 Nf5 16. Bf2 d4 17. Qd2 Bc8 18. Ng3 f6 19. Nxf5 exf5 20. exf6 Be6 21. Ba6 Na5 22. Bg3 Bc4 23. f7 Rgf8 24. Bxc4 Nxc4 25. Qd3 Ne3 26. Kd2 Rxf7 27. Rb4 Qc6 28. Re1 Rc7 29. Bh4 Qxg2+ 30. Re2 Qf1 31. Rxd4 Rxc2+ 32. Kxe3 Re8+ 0-1

[Event "Australian Masters"]
[Site "Melbourne"]
[Date "2000.07.28"]
[Round "5"]
[White "Martin, Benjamin"]
[Black "Zhao, Zong Yuan"]
[Result "1/2-1/2"]
[WhiteElo "2377"]
[BlackElo "2178"]
[PlyCount "85"]
[EventDate "2000.07.24"]
[EventType "tourn"]
[EventRounds "11"]
[EventCountry "AUS"]
[EventCategory "3"]
[SourceTitle "CBM 077 Extra"]
[Source "ChessBase"]
[SourceDate "2000.09.14"]
[SourceVersion "1"]
[SourceVersionDate "2000.09.14"]
[SourceQuality "1"]

1. Nf3 Nf6 2. d4 g6 3. c4 Bg7 4. Nc3 d5 5. Bg5 Ne4 6. cxd5 Nxg5 7. Nxg5 e6 8. Nf3 exd5 9. e3 0-0 10. b4 a5 11. b5 Be6 12. Be2 Nd7 13. 0-0 f5 14. Qd2 Rf7 15. Na4 Bf8 16. Rac1 b6 17. Nb2 Bd6 18. Nd3 Qf6 19. Nf4 h6 20. Ne1 g5 21. Nxe6 Qxe6 22. Nd3 Raf8 23. f4 Nf6 24. Ne5 Ne4 25. Qd3 Rg7 26. Rc6 Kh7 27. Rfc1 h5 28. Bf3 Qh6 29. Rf1 Rfg8 30. Qe2 gxf4 31. exf4 h4 32. Rc2 Ng3 33. hxg3 hxg3 34. Bh5 Bxe5 35. fxe5 Rg5 36. Rc6 Qxh5 37. Rxc7+ Kh6 38. Qxh5+ Rxh5 39. Rf7 Rg4 40. Rf6+ Kg7 41. Rc1 Rxd4 42. Rc7+ Kg8 43. Rc8+ 1/2-1/2

[Event "Australian Masters"]
[Site "Melbourne"]
[Date "2000.??.??"]
[Round "11"]
[White "Martin, Benjamin"]
[Black "Teichmann, Erik Oskar Michael"]
[Result "0-1"]
[WhiteElo "2377"]
[BlackElo "2369"]
[PlyCount "86"]
[EventDate "2000.07.24"]
[EventType "tourn"]
[EventRounds "11"]
[EventCountry "AUS"]
[EventCategory "3"]
[SourceTitle "CBM 077 Extra"]
[Source "ChessBase"]
[SourceDate "2000.09.14"]
[SourceVersion "1"]
[SourceVersionDate "2000.09.14"]
[SourceQuality "1"]

1. e4 Nc6 2. Nf3 d6 3. d4 Nf6 4. Nc3 Bg4 5. Bb5 a6 6. Bxc6+ bxc6 7. h3 Bh5 8. Qe2 e6 9. g4 Bg6 10. Bg5 Be7 11. 0-0-0 h6 12. Bxf6 Bxf6 13. h4 h5 14. g5 Be7 15. Nd2 d5 16. f4 0-0 17. Rhf1 dxe4 18. Ndxe4 Rb8 19. Qxa6 Rb6 20. Qe2 Qa8 21. f5 Bxf5 22. Qxh5 Bxe4 23. Nxe4 Qxa2 24. Kd2 Rxb2 25. Ke3 Qd5 26. Rf2 c5 27. c3 Rxf2 28. Nxf2 cxd4+ 29. cxd4 c5 30. dxc5 Bxc5+ 31. Ke2 Qe5+ 32. Kf1 Qf4 33. Qe2 Qxh4 34. Rd3 Bxf2 35. Qxf2 Qxg5 36. Rg3 Qh6 37. Rd3 Rb8 38. Kg2 Qg6+ 39. Rg3 Qe4+ 40. Kh2 Qe5 41. Kh3 Qh5+ 42. Kg2 Rb1 43. Rh3 Qd5+ 0-1

[Event "Sydney Challenge schev"]
[Site "Sydney"]
[Date "1999.01.30"]
[Round "8"]
[White "Martin, Benjamin"]
[Black "Belin, Igor"]
[Result "1-0"]
[WhiteElo "2375"]
[BlackElo "2335"]
[PlyCount "43"]
[EventDate "1999.01.??"]
[EventType "schev"]
[EventRounds "3"]
[EventCountry "AUS"]
[SourceTitle "EXT 2000"]
[Source "ChessBase"]
[SourceDate "1999.11.16"]
[SourceVersion "1"]
[SourceVersionDate "1999.11.16"]
[SourceQuality "1"]

1. e4 c5 2. Nf3 d6 3. d4 cxd4 4. Nxd4 Nf6 5. Nc3 a6 6. f4 e5 7. Nf3 Qc7 8. a4 b6 9. Bd3 Be7 10. 0-0 0-0 11. Qe1 Nbd7 12. Nh4 exf4 13. Nf5 Ne5 14. Nxe7+ Qxe7 15. Bxf4 h6 16. Qe3 Rb8 17. h3 Bb7 18. Rae1 Nh5 19. Bxe5 dxe5 20. Nd5 Bxd5 21. exd5 Nf4 22. Rxf4 1-0

[Event "Doeberl Cup 36th"]
[Site "Canberra"]
[Date "1998.??.??"]
[Round "7"]
[White "Gluzman, Mikhail"]
[Black "Martin, Benjamin"]
[Result "1-0"]
[WhiteElo "2435"]
[BlackElo "2375"]
[PlyCount "49"]
[EventDate "1998.04.??"]
[EventType "swiss"]
[EventRounds "7"]
[EventCountry "AUS"]
[SourceTitle "EXT 1999"]
[Source "ChessBase"]
[SourceDate "1998.11.16"]
[SourceVersion "1"]
[SourceVersionDate "1998.11.16"]
[SourceQuality "1"]

1. d4 Nf6 2. Nf3 e6 3. Bf4 b5 4. e3 a6 5. Bd3 Bb7 6. Nbd2 c5 7. c3 Nc6 8. 0-0 d5 9. Ne5 Be7 10. Qf3 0-0 11. Qh3 g6 12. Bh6 Re8 13. f4 cxd4 14. exd4 Bf8 15. Bg5 Be7 16. Rae1 Nxe5 17. fxe5 Nh5 18. Bxe7 Rxe7 19. Re3 Rc7 20. Nf3 Bc8 21. g4 Ng7 22. Qh6 Ne8 23. Ng5 f5 24. exf6 Nxf6 25. Ref3 1-0

[Event "Doeberl Cup 36th"]
[Site "Canberra"]
[Date "1998.??.??"]
[Round "6"]
[White "Martin, Benjamin"]
[Black "Johansen, Darryl Keith"]
[Result "1/2-1/2"]
[WhiteElo "2375"]
[BlackElo "2490"]
[PlyCount "63"]
[EventDate "1998.04.??"]
[EventType "swiss"]
[EventRounds "7"]
[EventCountry "AUS"]
[SourceTitle "EXT 1999"]
[Source "ChessBase"]
[SourceDate "1998.11.16"]
[SourceVersion "1"]
[SourceVersionDate "1998.11.16"]
[SourceQuality "1"]

1. e4 c5 2. Nf3 e6 3. d4 cxd4 4. Nxd4 a6 5. Bd3 Qb6 6. c3 Nc6 7. 0-0 Bc5 8. Nb3 Be7 9. Be3 Qc7 10. c4 Ne5 11. Nc3 Nf6 12. Be2 d6 13. Rc1 b6 14. f4 Ned7 15. Bf3 Bb7 16. Qe2 Rc8 17. Nd2 0-0 18. g4 h6 19. h4 Rfe8 20. g5 hxg5 21. hxg5 Nh7 22. Rf2 e5 23. g6 fxg6 24. Bg4 Bh4 25. Rg2 exf4 26. Bxf4 g5 27. Be3 Re7 28. Bf5 Rf8 29. Rf1 Nhf6 30. Nd5 Bxd5 31. cxd5 Rfe8 32. Be6+ 1/2-1/2

[Event "NZL-ch"]
[Site "Auckland"]
[Date "1997.??.??"]
[Round "2"]
[White "Martin, Benjamin"]
[Black "Guthrie, David"]
[Result "1-0"]
[WhiteElo "2375"]
[BlackElo "2100"]
[PlyCount "59"]
[EventDate "1997.??.??"]
[EventType "swiss"]
[EventRounds "11"]
[EventCountry "NZL"]
[SourceTitle "EXT 1998"]
[Source "ChessBase"]
[SourceDate "1997.11.17"]
[SourceVersion "1"]
[SourceVersionDate "1997.11.17"]
[SourceQuality "1"]

1. e4 c5 2. Nf3 d6 3. d4 cxd4 4. Nxd4 Nf6 5. Nc3 a6 6. f4 Qc7 7. Nf3 Nbd7 8. Bd3 g6 9. 0-0 Bg7 10. Qe1 b5 11. e5 dxe5 12. fxe5 Ng4 13. e6 fxe6 14. Qh4 Nde5 15. Nxe5 Nxe5 16. Be4 Bb7 17. Be3 Nc4 18. Bxb7 Qxb7 19. Bc5 0-0-0 20. a4 Rd2 21. Rf2 Rhd8 22. axb5 axb5 23. Qxh7 Qc6 24. Ba7 Be5 25. Qxg6 Nxb2 26. Ne4 Rd1+ 27. Rf1 Rxf1+ 28. Rxf1 Bxh2+ 29. Kxh2 Rh8+ 30. Kg1 1-0

[Event "NZL-ch"]
[Site "Auckland"]
[Date "1997.??.??"]
[Round "6"]
[White "Martin, Benjamin"]
[Black "Wastney, Scott C"]
[Result "1-0"]
[WhiteElo "2375"]
[BlackElo "2100"]
[PlyCount "69"]
[EventDate "1997.??.??"]
[EventType "swiss"]
[EventRounds "11"]
[EventCountry "NZL"]
[SourceTitle "EXT 1998"]
[Source "ChessBase"]
[SourceDate "1997.11.17"]
[SourceVersion "1"]
[SourceVersionDate "1997.11.17"]
[SourceQuality "1"]

1. Nf3 f5 2. e4 fxe4 3. Ng5 Nf6 4. d3 e5 5. dxe4 Bc5 6. Bc4 Qe7 7. Bf7+ Kf8 8. Bb3 h6 9. Nf3 d6 10. Nc3 g6 11. Qe2 Kg7 12. Be3 Na6 13. 0-0-0 Bxe3+ 14. Qxe3 Nc5 15. h3 c6 16. g4 Nh7 17. Ne2 Be6 18. Bxe6 Qxe6 19. Kb1 Rhf8 20. Nd2 Rf6 21. f3 Qe7 22. h4 d5 23. g5 hxg5 24. h5 d4 25. Qg1 Na4 26. hxg6 Rxg6 27. Ng3 Qb4 28. Nf5+ Kf6 29. Nb3 Nf8 30. Qh2 Ne6 31. Qh7 Qf8 32. Nh6 Nf4 33. Ng4+ Ke6 34. Qxb7 Qc8 35. Nxd4+ 1-0

[Event "EU-Cup 12th Group3"]
[Site "London"]
[Date "1996.11.23"]
[Round "1"]
[White "Upton, Timothy J"]
[Black "Martin, Benjamin"]
[Result "1-0"]
[WhiteElo "2285"]
[BlackElo "2375"]
[PlyCount "103"]
[EventDate "1996.09.06"]
[EventType "team-k.o."]
[EventRounds "3"]
[EventCountry "ENG"]
[SourceTitle "EXT 2020"]
[Source "ChessBase"]
[SourceDate "2019.10.17"]
[SourceVersion "1"]
[SourceVersionDate "2019.10.17"]
[SourceQuality "1"]
[WhiteTeam "Bonnevoie Gambit"]
[BlackTeam "London Wood Green"]
[WhiteTeamCountry "LUX"]
[BlackTeamCountry "ENG"]

1. e4 e6 2. d4 d5 3. Nd2 Nf6 4. e5 Nfd7 5. Bd3 c5 6. c3 Nc6 7. Ne2 Qb6 8. Nf3 cxd4 9. cxd4 f6 10. exf6 Nxf6 11. 0-0 Bd6 12. Bf4 Bxf4 13. Nxf4 0-0 14. Re1 Qxb2 15. Nxe6 Bxe6 16. Rxe6 Rae8 17. Rxe8 Rxe8 18. Qc1 Qxc1+ 19. Rxc1 Rc8 20. Ne5 Ne7 21. Rxc8+ Nxc8 22. f3 Kf8 23. g4 g5 24. h4 h6 25. hxg5 hxg5 26. Kf2 Nd6 27. Ke3 Nfe8 28. f4 gxf4+ 29. Kxf4 Ng7 30. Ng6+ Kf7 31. Ke5 Nc4+ 32. Kxd5 Ne3+ 33. Kd6 Ne8+ 34. Kd7 Nf6+ 35. Kc7 Nfxg4 36. Kxb7 Nf2 37. Ne5+ Ke6 38. Kc6 Nxd3 39. Nxd3 Nc4 40. Nc5+ Ke7 41. a4 Nd6 42. d5 Nc4 43. Kc7 Nd6 44. Nb7 Ne8+ 45. Kc6 Nf6 46. d6+ Ke8 47. a5 Nd7 48. Kc7 a6 49. Kc8 Ne5 50. Nc5 Nf7 51. Kc7 Nd8 52. Nxa6 1-0

[Event "Olympiad-32"]
[Site "Yerevan"]
[Date "1996.09.30"]
[Round "13.1"]
[White "Hakki, Imad"]
[Black "Martin, Benjamin"]
[Result "0-1"]
[WhiteElo "2380"]
[BlackElo "2375"]
[PlyCount "168"]
[EventDate "1996.09.15"]
[EventType "team-swiss"]
[EventRounds "14"]
[EventCountry "ARM"]
[SourceTitle "CBM 055"]
[Source "ChessBase"]
[SourceDate "1996.12.01"]
[SourceVersion "1"]
[SourceVersionDate "1996.12.01"]
[SourceQuality "1"]
[WhiteTeam "Syria"]
[BlackTeam "New Zealand"]
[WhiteTeamCountry "SYR"]
[BlackTeamCountry "NZL"]

1. Nf3 Nf6 2. c4 e6 3. g3 d5 4. Bg2 c6 5. Qc2 Nbd7 6. d4 Be7 7. 0-0 0-0 8. Nbd2 b6 9. b3 Bb7 10. Bb2 c5 11. cxd5 Nxd5 12. Rac1 cxd4 13. Nxd4 Nc5 14. a3 Qd7 15. N2f3 Rfc8 16. Qb1 Bf6 17. Rfd1 Qe8 18. e4 Nc7 19. Re1 Be7 20. Bf1 a6 21. h4 Rab8 22. Rcd1 Rd8 23. Bc1 Rbc8 24. Bg2 Nb5 25. Bb2 Nxd4 26. Nxd4 Rc7 27. Ba1 Bf6 28. e5 Be7 29. Bxb7 Rxb7 30. Qc2 Rc8 31. Qe2 b5 32. Qf3 Rbc7 33. Bb2 Nd7 34. Qe4 Nb6 35. Rd3 Bc5 36. Nf3 h6 37. Red1 Nd5 38. Qg4 Qe7 39. Nd2 Bxa3 40. Bxa3 Qxa3 41. Ne4 Qb2 42. Nd6 Rf8 43. Re1 Ne7 44. h5 Rc2 45. Rf3 Re2 46. Rxe2 Qxe2 47. Qf4 Nc6 48. Nxf7 Nxe5 49. Nxh6+ Kh7 50. Qxf8 Nxf3+ 51. Kg2 Ne1+ 52. Kg1 Nf3+ 53. Kg2 Ne1+ 54. Kg1 Qe4 55. Kf1 Qh1+ 56. Ke2 Qxh5+ 57. Kxe1 Qxh6 58. Qc5 Qh1+ 59. Ke2 Qe4+ 60. Kf1 Qh1+ 61. Ke2 Qe4+ 62. Kf1 Kg6 63. Qa3 Qd3+ 64. Kg2 a5 65. Qxa5 Qxb3 66. Qc7 b4 67. Qb8 Qd5+ 68. Kg1 b3 69. Qe8+ Kh7 70. Qb8 Qd3 71. Qe8 Qd1+ 72. Kg2 b2 73. Qxe6 b1Q 74. Qh3+ Kg8 75. Qc8+ Kf7 76. Qc7+ Ke8 77. Qe5+ Kd8 78. Qa5+ Kd7 79. Qa7+ Kc6 80. Qa6+ Qb6 81. Qc8+ Kb5 82. Qf5+ Qc5 83. Qf4 Qcd5+ 84. f3 Q5d2+ 0-1

[Event "Olympiad-32"]
[Site "Yerevan"]
[Date "1996.09.27"]
[Round "11.1"]
[White "Godena, Michele"]
[Black "Martin, Benjamin"]
[Result "1-0"]
[WhiteElo "2550"]
[BlackElo "2375"]
[PlyCount "81"]
[EventDate "1996.09.15"]
[EventType "team-swiss"]
[EventRounds "14"]
[EventCountry "ARM"]
[SourceTitle "CBM 055"]
[Source "ChessBase"]
[SourceDate "1996.12.01"]
[SourceVersion "1"]
[SourceVersionDate "1996.12.01"]
[SourceQuality "1"]
[WhiteTeam "Italy"]
[BlackTeam "New Zealand"]
[WhiteTeamCountry "ITA"]
[BlackTeamCountry "NZL"]

1. e4 e6 2. d4 d5 3. Nd2 Nf6 4. e5 Nfd7 5. Bd3 c5 6. c3 Nc6 7. Ne2 Qb6 8. Nf3 cxd4 9. cxd4 f6 10. exf6 Nxf6 11. 0-0 Bd6 12. Bd2 0-0 13. Bc3 Bd7 14. Ng3 Kh8 15. Qd2 Qc7 16. Rae1 Bf4 17. Qe2 Qb6 18. a3 Rae8 19. Qd1 Ng4 20. Nh5 e5 21. Nxf4 exf4 22. Rxe8 Rxe8 23. Qc1 Rf8 24. Re1 Qd8 25. h3 Nh6 26. Bd2 Qf6 27. Ne5 Bf5 28. Qc5 Re8 29. Bxf5 Nxf5 30. Qxd5 Nxe5 31. dxe5 Qg5 32. e6 h5 33. Qe5 Qg6 34. Bxf4 Re7 35. Kh1 Kh7 36. Qe4 Qf6 37. g4 hxg4 38. hxg4 Rxe6 39. Qxe6 Qh4+ 40. Bh2 Qxg4 41. Qe4 1-0

[Event "BCF-chT 9596 (4NCL) 3rd"]
[Site "England"]
[Date "1996.03.16"]
[Round "7.3"]
[White "Martin, Benjamin"]
[Black "Saunders, John C"]
[Result "1-0"]
[WhiteElo "2375"]
[BlackElo "2245"]
[PlyCount "59"]
[EventDate "1995.11.25"]
[EventType "team-tourn"]
[EventRounds "13"]
[EventCountry "ENG"]
[SourceTitle "EXT 2019"]
[Source "ChessBase"]
[SourceDate "2018.10.10"]
[SourceVersion "1"]
[SourceVersionDate "2018.10.10"]
[SourceQuality "1"]
[WhiteTeam "London Wood Green"]
[BlackTeam "South Wales Dragons"]
[WhiteTeamCountry "ENG"]
[BlackTeamCountry "ENG"]

1. e4 g6 2. d4 Bg7 3. Nc3 c6 4. Nf3 d6 5. h3 Nd7 6. a4 a5 7. Be2 e5 8. Be3 Ne7 9. Qd2 f5 10. dxe5 Nxe5 11. Bh6 Nxf3+ 12. gxf3 Bxh6 13. Qxh6 Kf7 14. 0-0-0 Be6 15. Qf4 d5 16. exd5 Nxd5 17. Nxd5 cxd5 18. Bc4 Rc8 19. Bb3 Rc5 20. h4 Qf6 21. Rhe1 Rhc8 22. Rd2 b5 23. Rde2 R8c6 24. Qh6 Kg8 25. Qd2 Kg7 26. Qxa5 bxa4 27. Qxa4 Bf7 28. Re7 f4 29. Qa7 Rxc2+ 30. Bxc2 1-0

[Event "London"]
[Site "London"]
[Date "1996.??.??"]
[Round "1"]
[White "Grooten, Herman"]
[Black "Martin, Benjamin"]
[Result "0-1"]
[WhiteElo "2370"]
[BlackElo "2375"]
[PlyCount "76"]
[EventDate "1996.??.??"]
[EventType "tourn"]
[EventRounds "9"]
[EventCountry "ENG"]
[SourceTitle "EXT 1998"]
[Source "ChessBase"]
[SourceDate "1997.11.17"]
[SourceVersion "1"]
[SourceVersionDate "1997.11.17"]
[SourceQuality "1"]

1. d4 Nf6 2. c4 e6 3. Nf3 Bb4+ 4. Nbd2 b6 5. a3 Bxd2+ 6. Bxd2 Bb7 7. g3 0-0 8. Bg2 Be4 9. b4 d6 10. 0-0 Nbd7 11. Qb3 c5 12. dxc5 bxc5 13. Rfd1 Qb6 14. Bf4 d5 15. Rac1 Rac8 16. cxd5 Bxd5 17. Qb1 cxb4 18. axb4 h6 19. Be3 Qb7 20. Qb2 a5 21. b5 Rb8 22. Rb1 Be4 23. Bf4 Bxb1 24. Bxb8 Be4 25. Bd6 Rc8 26. Ne1 Bxg2 27. Nxg2 Ne4 28. Bf4 Rc5 29. b6 Qxb6 30. Qa3 Rc3 31. Qe7 Qxf2+ 32. Kh1 Qxe2 33. Re1 Nf2+ 34. Kg1 Nh3+ 35. Kh1 Rf3 36. Qe8+ Kh7 37. Be3 Rf1+ 38. Bg1 Nf2# 0-1

[Event "Sheffield"]
[Site "Sheffield"]
[Date "1996.??.??"]
[Round "2"]
[White "Martin, Benjamin"]
[Black "Crouch, Colin S"]
[Result "1-0"]
[WhiteElo "2375"]
[BlackElo "2380"]
[PlyCount "119"]
[EventDate "1996.??.??"]
[EventType "tourn"]
[EventRounds "9"]
[EventCountry "ENG"]
[EventCategory "4"]
[SourceTitle "EXT 1998"]
[Source "ChessBase"]
[SourceDate "1997.11.17"]
[SourceVersion "1"]
[SourceVersionDate "1997.11.17"]
[SourceQuality "1"]

1. Nf3 d5 2. c4 c6 3. b3 Nf6 4. g3 Bg4 5. Bg2 Nbd7 6. Bb2 e6 7. 0-0 Bd6 8. d3 Qe7 9. Nbd2 0-0 10. Re1 Rad8 11. cxd5 cxd5 12. Nd4 Bc5 13. Rc1 e5 14. Nc2 Rfe8 15. Nf1 Bd6 16. Nfe3 Be6 17. d4 e4 18. Qd2 Nb8 19. Bc3 Nc6 20. a4 h5 21. Ra1 h4 22. b4 hxg3 23. fxg3 Nh5 24. b5 Nb8 25. Bb4 f5 26. Bxd6 Rxd6 27. Rf1 Rf8 28. Nd1 Nd7 29. a5 Ndf6 30. Qg5 Qe8 31. Rb1 Nh7 32. Qd2 N5f6 33. e3 Qh5 34. Nf2 Ng5 35. Rbc1 Bd7 36. Qb4 Ne8 37. Ne1 Qe2 38. Rc7 Qxb5 39. Rxb7 Qxb4 40. Rxb4 Ra6 41. h4 Ne6 42. Nc2 Rxa5 43. Rb7 Bc8 44. Rb8 Nd6 45. Rfb1 Nc4 46. Nd1 Ba6 47. Nc3 Nd2 48. Rxf8+ Kxf8 49. Rb8+ Kf7 50. Nb4 Bc4 51. Kf2 Kg6 52. Rb7 Nf8 53. Bh3 Nf3 54. Nc6 Ra3 55. Ne7+ Kh5 56. Nxf5 Rxc3 57. g4+ Kg6 58. Rxg7+ Kf6 59. g5+ Ke6 60. Re7# 1-0

[Event "London"]
[Site "London"]
[Date "1996.??.??"]
[Round "2"]
[White "Martin, Benjamin"]
[Black "Richardson, John R"]
[Result "1/2-1/2"]
[WhiteElo "2375"]
[BlackElo "2280"]
[PlyCount "117"]
[EventDate "1996.??.??"]
[EventType "tourn"]
[EventRounds "9"]
[EventCountry "ENG"]
[SourceTitle "EXT 1998"]
[Source "ChessBase"]
[SourceDate "1997.11.17"]
[SourceVersion "1"]
[SourceVersionDate "1997.11.17"]
[SourceQuality "1"]

1. Nf3 d5 2. g3 c5 3. Bg2 Nc6 4. c4 d4 5. d3 Nf6 6. 0-0 e5 7. e3 Be7 8. exd4 exd4 9. Na3 0-0 10. Re1 Bg4 11. Bf4 Bd6 12. Qd2 a6 13. Nc2 Qc7 14. Bxd6 Qxd6 15. Rab1 b5 16. b4 bxc4 17. dxc4 Rad8 18. bxc5 Qxc5 19. Nb4 Bxf3 20. Bxf3 Ne5 21. Rxe5 Qxe5 22. Nc6 Qc5 23. Nxd8 Rxd8 24. Qb4 Qf5 25. Qb6 Rf8 26. Rb3 d3 27. Qe3 Rd8 28. Bd5 Ng4 29. Qd4 g5 30. Rxd3 Ne5 31. Re3 Re8 32. Qe4 Qxe4 33. Rxe4 Kf8 34. f4 gxf4 35. Rxf4 Ke7 36. Rh4 Rb8 37. c5 Rb5 38. Rxh7 Rxc5 39. Bb3 a5 40. Kf2 Rc1 41. Ke3 Re1+ 42. Kf4 Kf6 43. Rh6+ Ng6+ 44. Kg4 a4 45. Bd5 Rd1 46. Be4 Rd4 47. Kf3 Rd2 48. h4 Rxa2 49. Bxg6 Kg7 50. Rh5 Kxg6 51. Rg5+ Kh6 52. Ra5 f6 53. Ra6 Kg6 54. g4 Kg7 55. Ra7+ Kh6 56. Ke4 a3 57. Kf5 Rf2+ 58. Ke6 Rf4 59. Rxa3 1/2-1/2